[Event "Brighton"]
[Site "Brighton"]
[Date "1981.??.??"]
[Round "8"]
[White "Speelman, Jonathan S"]
[Black "Westerinen, Heikki MJ"]
[Result "1/2-1/2"]
[WhiteElo "2520"]
[BlackElo "2425"]

1.Nf3 d5 2.g3 Nf6 3.Bg2 c6 4.d3 Nbd7 5.O-O e5 6.b3 Bd6 7.Bb2 O-O 8.e3 Re8
9.Nbd2 b5 10.a4 Bb7 11.Nh4 Qb6 12.e4 a6 13.Kh1 Rad8 14.Qe2 Bb4 15.Ndf3 Bf8
16.Nd2 Bb4  1/2-1/2

[Event "Dortmund"]
[Site "Dortmund"]
[Date "1981.??.??"]
[Round "?"]
[White "Speelman, Jonathan S"]
[Black "Ftacnik, Lubomir"]
[Result "1/2-1/2"]
[WhiteElo "2535"]
[BlackElo "2520"]

1.d4 Nf6 2.Nf3 g6 3.g3 d5 4.Bg2 Bg7 5.O-O O-O 6.c4 c6 7.cxd5 cxd5 8.Nc3 Ne4
9.Ne5 Nxc3 10.bxc3 Nc6 11.Nxc6  1/2-1/2

[Event "Hastings8182"]
[Site "Hastings"]
[Date "1981.??.??"]
[Round "1"]
[White "Speelman, Jonathan S"]
[Black "Mestel, A Jonathan"]
[Result "1-0"]
[WhiteElo "2520"]
[BlackElo "2475"]

1.d4 Nf6 2.Nf3 c5 3.d5 b5 4.c4 Bb7 5.Qc2 bxc4 6.e4 e6 7.dxe6 fxe6 8.e5 Nd5
9.Nbd2 Be7 10.Bxc4 O-O 11.Bd3 h6 12.a3 Nc6 13.O-O Rc8 14.Re1 Nd4 15.Nxd4 cxd4
16.Qd1 Qb6 17.Qg4 Nf4 18.Nc4 Qc6 19.Bxf4 Rxf4 20.Qg6 Bg5 21.f3 Rg4 22.Qh7+ Kf8
23.Re2 Qxf3 24.Rf1 Be3+ 25.Nxe3 Rc1 26.Rxc1  1-0

[Event "Hastings8182"]
[Site "Hastings"]
[Date "1981.??.??"]
[Round "5"]
[White "Littlewood, Paul E"]
[Black "Speelman, Jonathan S"]
[Result "1/2-1/2"]
[WhiteElo "2435"]
[BlackElo "2520"]

1.d4 Nf6 2.c4 e6 3.Nf3 d5 4.Nc3 Be7 5.Bf4 O-O 6.e3 c5 7.dxc5 Bxc5 8.Qc2 Nc6
9.Rd1 Qa5 10.Nd2 Bb4 11.Nb3 Qb6 12.Bd3 e5 13.Bg5 d4 14.Bxf6 gxf6 15.c5 Qc7
16.a3 Kg7 17.O-O dxc3 18.axb4 Nxb4 19.Qxc3 Nxd3 20.Rxd3 Bf5 21.Rd2 Rad8 22.f4 Rxd2
23.Nxd2 Rd8 24.e4 Bg4 25.h3 Be2 26.Rf2 Ba6 27.Qg3+ Kf8 28.b4 exf4 29.Qh4 Qe5
30.Nf3 Qxe4 31.Qxf6 Rd1+ 32.Kh2 Qe3 33.c6  1/2-1/2

[Event "Hastings8182"]
[Site "Hastings"]
[Date "1981.??.??"]
[Round "7"]
[White "Kupreichik, Viktor D"]
[Black "Speelman, Jonathan S"]
[Result "1/2-1/2"]
[WhiteElo "2580"]
[BlackElo "2520"]

1.e4 c6 2.Nc3 d5 3.d4 dxe4 4.Nxe4 Nd7 5.Bc4 Ngf6 6.Ng5 e6 7.Qe2 Nb6 8.Bb3 h6
9.N5f3 c5 10.Bf4 Nfd5 11.Bg3 c4 12.Bxc4 Nxc4 13.Qxc4 Qa5+ 14.c3 Bd7 15.Qd3 Rc8
16.Ne2 Bb5 17.Qd2 Qa6 18.Ne5 Bd6 19.f3 O-O 20.Kf2 Bxe5 21.Bxe5 f6 22.Bg3 Rfd8
23.Rhe1 e5 24.Kg1 Bxe2 25.Rxe2 exd4 26.cxd4 Rc6 27.a3 Rdc8 28.Rae1 Kf7 29.h3 Qb5
30.Rf2 h5 31.Qd1 Ne3 32.Qb1 Nc2 33.Qa2+ Qc4 34.b3 Qd5 35.Re4 Nxd4 36.Kh2 Rd8
37.b4 Qxa2 38.Rxa2 a6 39.Bf2 Nb5 40.Re3 Nc3  1/2-1/2

[Event "Hastings8182"]
[Site "Hastings"]
[Date "1981.??.??"]
[Round "8"]
[White "Speelman, Jonathan S"]
[Black "Christiansen, Larry Mark"]
[Result "1-0"]
[WhiteElo "2520"]
[BlackElo "2575"]

1.e4 c5 2.Nf3 d6 3.d4 cxd4 4.Nxd4 Nf6 5.Nc3 e6 6.g4 h6 7.h4 Be7 8.Rh3 h5
9.g5 Ng4 10.f3 Ne5 11.Be3 Nbc6 12.Qe2 O-O 13.O-O-O g6 14.Kb1 Re8 15.Nb3 Bd7
16.Bg1 a5 17.f4 Ng4 18.e5 d5 19.Nc5 Nb4 20.Nxd7 Qxd7 21.Qb5 Qxb5 22.Bxb5 Rec8
23.a3 Na6 24.Na4 Rab8 25.Rd2 Nc7 26.Rb3 Nxb5 27.Rxb5 Bd8 28.Ba7 Ra8 29.Bd4 Rab8
30.Ba7 Ra8 31.Nb6 Bxb6 32.Bxb6 Rc4 33.Rd4 Ne3 34.Rxc4 Nxc4 35.Bd4 b6 36.a4 Rc8
37.Kc1 Kf8 38.c3 Ke7 39.b3 Ne3 40.Bxe3 Rxc3+ 41.Kd2 d4 42.Bxd4  1-0

[Event "Hastings8182"]
[Site "Hastings"]
[Date "1981.??.??"]
[Round "9"]
[White "Lein, Anatoly"]
[Black "Speelman, Jonathan S"]
[Result "1/2-1/2"]
[WhiteElo "2510"]
[BlackElo "2520"]

1.c4 Nf6 2.Nc3 e6 3.Nf3 c5 4.g3 d5 5.cxd5 Nxd5 6.Bg2 Be7 7.O-O O-O 8.d4 Nc6
9.Nxd5 exd5 10.dxc5 Bxc5 11.Ne1 Bg4 12.Nd3 Bb6 13.Nf4 d4 14.h3 Bf5 15.g4 Bg6
16.Re1 Rc8 17.Bd2 Re8  1/2-1/2

[Event "Hastings8182"]
[Site "Hastings"]
[Date "1981.??.??"]
[Round "10"]
[White "Speelman, Jonathan S"]
[Black "Szabo, Laszlo"]
[Result "1-0"]
[WhiteElo "2520"]
[BlackElo "2510"]

1.d4 d5 2.Nf3 Nf6 3.c4 c6 4.Nbd2 g6 5.g3 Bg7 6.Bg2 O-O 7.O-O Nbd7 8.Qc2 Nb6
9.c5 Nbd7 10.b3 Ne4 11.Nxe4 dxe4 12.Qxe4 Nxc5 13.Qh4 Ne6 14.Rd1 Bf6 15.Ng5 Nxg5
16.Bxg5 Bxg5 17.Qxg5 Be6 18.Rac1 Qd6 19.h4 Kg7 20.h5 f6 21.h6+ Kf7 22.Qa5 Rfd8
23.Bf3 Qd7 24.Rd2 Bg4 25.Bg2 Qf5 26.Qb4 Qd7 27.d5 Rac8 28.Rc4 Bf5 29.e4 Bh3
30.Bxh3 Qxh3 31.Qxb7 cxd5 32.Rxd5 Rb8 33.Qxa7 Qxh6 34.Rc7 Re8 35.Rdd7 Qf8
36.Qc5 Rbd8 37.e5 fxe5 38.Qxe5 Rxd7 39.Rxd7 Qh6 40.a4 Qc1+ 41.Kg2 h5  1-0

[Event "Hastings8182"]
[Site "Hastings"]
[Date "1981.??.??"]
[Round "11"]
[White "Taulbut, Shaun M"]
[Black "Speelman, Jonathan S"]
[Result "1/2-1/2"]
[WhiteElo "2420"]
[BlackElo "2520"]

1.e4 c6 2.d4 d5 3.Nc3 dxe4 4.Nxe4 Nd7 5.Nf3 Ngf6 6.Ng3 e6 7.Bd3 c5 8.c3 cxd4
9.Nxd4 Bc5 10.O-O O-O 11.Bc2 Re8 12.Bg5 a6 13.Qf3 Bxd4 14.cxd4 Qa5 15.Be3 Qd5
16.Qe2 b6 17.Bb3 Qd6 18.Qf3 Ra7 19.Ne4 Nxe4 20.Qxe4 Bb7 21.Qf4 Qxf4 22.Bxf4 Nf6
23.Be5 Nd5 24.Rfc1 Raa8 25.Bxd5 Bxd5 26.Bc7 Ra7 27.b3 Rb7 28.Rc3 f6 29.Rac1 Kf7
30.Bd6 Rd8  1/2-1/2

[Event "Hastings8182"]
[Site "Hastings"]
[Date "1981.??.??"]
[Round "13"]
[White "Ree, Hans"]
[Black "Speelman, Jonathan S"]
[Result "0-1"]
[WhiteElo "2510"]
[BlackElo "2520"]

1.d4 Nf6 2.c4 e6 3.Nf3 d5 4.Nc3 Be7 5.Bg5 h6 6.Bh4 O-O 7.Qc2 dxc4 8.e4 a6
9.e5 Nfd7 10.Bxe7 Qxe7 11.Bxc4 c5 12.d5 Nxe5 13.Nxe5 exd5 14.O-O Qxe5 15.Nxd5 Nc6
16.Rfe1 Qf5 17.Qxf5 Bxf5 18.a4 Rfe8 19.Nb6 Rxe1+ 20.Rxe1 Rd8 21.h3 Kf8 22.g4 Bc2
23.Bf1 Rd6 24.Bg2 Na5 25.Nc8 Rd1 26.Rxd1 Bxd1 27.Nb6 Ke7 28.Kf1 Kd6 29.Ke1 Bb3
30.Kd2 g5 31.Kc3 Be6 32.Bh1 Nc6 33.Bg2 Nb4 34.Nc4+ Kc7 35.Ne3 b5 36.axb5 axb5
37.Nf5 Bxf5 38.gxf5 Kd6 39.Bf1 Nd5+ 40.Kb3 c4+ 41.Ka3 Kc5  0-1

[Event "Phillips&Drew"]
[Site "London"]
[Date "1982.??.??"]
[Round "?"]
[White "Christiansen, Larry Mark"]
[Black "Speelman, Jonathan S"]
[Result "1/2-1/2"]
[WhiteElo "2585"]
[BlackElo "2550"]

1.d4 Nf6 2.c4 e6 3.Nf3 Bb4+ 4.Bd2 a5 5.e3 d6 6.Bd3 Qe7 7.O-O e5 8.a3 Bxd2
9.Nfxd2 O-O 10.Nc3 Re8 11.h3 Nbd7 12.Rc1 c6 13.b4 axb4 14.axb4 Qd8 15.Ra1 Rxa1
16.Qxa1 exd4 17.exd4 Nf8 18.Qa5 Qxa5 19.bxa5 Ne6 20.Ne2 g6 21.Rb1 Kf8 22.f3 Ke7
23.Kf2 h5 24.f4 Ng7 25.Nf3 Kd8 26.Ng5 Re7 27.Nc3 h4 28.d5 cxd5 29.cxd5 Bf5
30.Bxf5 Nxf5 31.Re1 Rxe1 32.Kxe1 Ke7 33.Ke2 Nh5 34.Kf3 Nd4+ 35.Ke3 Nb3 36.Nf3 Nxa5
37.Nxh4 Nc4+ 38.Ke4 Nd2+ 39.Ke3 Nc4+ 40.Ke4  1/2-1/2

[Event "Phillips&Drew"]
[Site "London"]
[Date "1982.??.??"]
[Round "?"]
[White "Karpov, Anatoly"]
[Black "Speelman, Jonathan S"]
[Result "1/2-1/2"]
[WhiteElo "2720"]
[BlackElo "2550"]

1.d4 Nf6 2.c4 e6 3.Nf3 b6 4.Nc3 Bb4 5.Bg5 h6 6.Bh4 Bb7 7.e3 g5 8.Bg3 Ne4
9.Qc2 Bxc3+ 10.bxc3 Nxg3 11.hxg3 Qe7 12.Bd3 Nc6 13.Rb1 O-O-O 14.c5 d6 15.cxb6 cxb6
16.c4 Kb8 17.Nd2 h5 18.Qa4 h4 19.gxh4 gxh4 20.Rb5 f5 21.Be2 Qg7 22.Bf3 e5
23.d5 e4 24.dxc6 exf3 25.gxf3 Bxc6 26.Rxb6+ axb6 27.Qxc6 Qc7 28.Qa4 d5 29.c5 Qxc5
30.Rxh4 Rxh4 31.Qxh4 Rg8 32.a4 Qa5 33.Kd1 Rg1+ 34.Kc2 Qc5+ 35.Kd3 Rc1 36.Ke2 Qc8
37.f4 Qa6+ 38.Kf3 Qxa4 39.Qd8+ Ka7 40.Kg2 Qc6 41.Nf3 Ka6 42.Qf8 d4 43.Qxf5 dxe3
44.fxe3 Qc2+ 45.Qxc2 Rxc2+ 46.Kg3 Re2 47.f5 Rxe3 48.Kf4 Re8 49.f6 Kb5 50.f7 Rf8
51.Ne5 Kb4 52.Kf5 b5 53.Ke6 Kc3 54.Nc6  1/2-1/2

[Event "Phillips&Drew"]
[Site "London"]
[Date "1982.??.??"]
[Round "?"]
[White "Mestel, A Jonathan"]
[Black "Speelman, Jonathan S"]
[Result "1/2-1/2"]
[WhiteElo "2500"]
[BlackElo "2550"]

1.Nf3 Nf6 2.g3 b6 3.Bg2 Bb7 4.O-O c5 5.c4 g6 6.b3 Bg7 7.Bb2 O-O 8.Nc3 Na6
9.e3 e6 10.Qe2 d5 11.cxd5 Nxd5 12.Rfd1 Nxc3 13.Bxc3 Bxc3 14.dxc3 Qc7 15.Nd2 Bxg2
16.Kxg2 Qb7+ 17.Qf3  1/2-1/2

[Event "Phillips&Drew"]
[Site "London"]
[Date "1982.??.??"]
[Round "?"]
[White "Miles, Anthony J"]
[Black "Speelman, Jonathan S"]
[Result "1/2-1/2"]
[WhiteElo "2575"]
[BlackElo "2550"]

1.d4 Nf6 2.Nc3 d5 3.Bg5 Nbd7 4.Nf3 g6 5.e3 Bg7 6.Bd3 O-O 7.O-O c5 8.Re1 b6
9.e4 dxe4 10.Nxe4 Bb7 11.Nxf6+ exf6 12.Bh4 Bxf3 13.Qxf3 cxd4 14.Rad1 Rc8
15.Ba6 Rxc2 16.Rxd4 Ne5 17.Qd1 Qc7 18.f4 Ng4 19.Qxg4 f5 20.Qd1 Qc5 21.Bf2 Rxf2
22.Rc4 Rd2+ 23.Rxc5  1/2-1/2

[Event "Phillips&Drew"]
[Site "London"]
[Date "1982.??.??"]
[Round "?"]
[White "Seirawan, Yasser"]
[Black "Speelman, Jonathan S"]
[Result "0-1"]
[WhiteElo "2575"]
[BlackElo "2550"]

1.d4 Nf6 2.c4 e6 3.Nc3 Bb4 4.e3 O-O 5.Bd3 d5 6.Ne2 dxc4 7.Bxc4 e5 8.a3 Bxc3+
9.bxc3 c5 10.O-O Nc6 11.Bb2 Qc7 12.Ba2 Rd8 13.Qc2 Bg4 14.Ng3 Qe7 15.dxe5 Nxe5
16.c4 Nd3 17.Bc3 Nh5 18.Ne2 Bf5 19.Rad1 Qg5 20.Ng3 Nxg3 21.hxg3 Nb4 22.Qb2 Nxa2
23.Qxa2 Qg4 24.Rd5 Bd3 25.Rxd8+ Rxd8 26.Qd2 Rd7 27.Rc1 Bxc4 28.Qc2 b6 29.f3 Qe6
30.e4 h6 31.Bxg7 Kxg7 32.Qxc4 Qxc4 33.Rxc4 Rd3 34.a4 Kf6 35.Kh2 Ke6 36.f4 Kd6
37.g4 a6 38.g3 b5 39.axb5 axb5 40.Rc1 b4 41.Kg2 b3 42.Kf2 b2 43.Rb1 Rb3 44.Ke1 c4
45.Kd1 c3 46.Kc2 Ra3 47.e5+ Ke7 48.f5 Ra1  0-1

[Event "Phillips&Drew"]
[Site "London"]
[Date "1982.??.??"]
[Round "?"]
[White "Spassky, Boris V"]
[Black "Speelman, Jonathan S"]
[Result "1/2-1/2"]
[WhiteElo "2605"]
[BlackElo "2550"]

1.e4 c6 2.d4 d5 3.Nc3 dxe4 4.Nxe4 Nd7 5.Nf3 Ngf6 6.Nc3 e6 7.g3 b6 8.Bg2 Ba6
9.Ne2 Be7 10.O-O O-O 11.Re1 Rc8 12.Nf4 Nd5 13.Nxd5 cxd5 14.c3 b5 15.Bf1 Qb6
16.Bf4 b4 17.Qa4 Rc6 18.c4 dxc4 19.d5 Bb5 20.Qd1 Rcc8 21.dxe6 fxe6 22.Nd4 e5
23.Nxb5 Qxb5 24.b3 exf4 25.Rxe7 fxg3 26.hxg3 Qf5 27.Qd4 Nf6 28.Bxc4+ Kh8
29.Be6 Qc5 30.Qxc5 Rxc5 31.Rxa7 Ne4 32.Rf7 Rxf7 33.Bxf7 Nxf2 34.Kxf2 Rf5+
35.Ke3 Rxf7 36.a4 bxa3 37.Rxa3 g5 38.b4 Kg7 39.b5 Rb7 40.Rb3 Kf6 41.Kd4 Kf5
42.Kc5 Kg4 43.Kc6 Rb8 44.b6 h5  1/2-1/2

[Event "Phillips&Drew"]
[Site "London"]
[Date "1982.??.??"]
[Round "?"]
[White "Speelman, Jonathan S"]
[Black "Geller, Efim P"]
[Result "1/2-1/2"]
[WhiteElo "2550"]
[BlackElo "2575"]

1.d4 Nf6 2.Nf3 d5 3.c4 e6 4.Nc3 Be7 5.Bf4 O-O 6.e3 c5 7.dxc5 Bxc5 8.cxd5 Nxd5
9.Nxd5 exd5 10.a3 Nc6 11.Bd3 Bb6 12.O-O Bg4 13.h3 Bh5 14.b4 Re8 15.Rc1 a6
16.g4 Bg6 17.Bxg6 hxg6 18.Qd3 d4 19.e4  1/2-1/2

[Event "Phillips&Drew"]
[Site "London"]
[Date "1982.??.??"]
[Round "?"]
[White "Speelman, Jonathan S"]
[Black "Ljubojevic, Ljubomir"]
[Result "1/2-1/2"]
[WhiteElo "2550"]
[BlackElo "2645"]

1.Nf3 c5 2.c4 Nf6 3.Nc3 Nc6 4.g3 d5 5.cxd5 Nxd5 6.Bg2 Nc7 7.O-O e5 8.b3 Be7
9.Bb2 Bf5 10.Rc1 Ne6 11.d3 h5 12.Na4 Bd6 13.e3 h4 14.d4 exd4 15.exd4 Ncxd4
16.Bxd4 cxd4 17.Nxd4 Nxd4 18.Qxd4 O-O 19.Rcd1 Ba3 20.Qe5 Qf6 21.Qxf6 gxf6
22.Bxb7 Rad8 23.Kg2  1/2-1/2

[Event "Phillips&Drew"]
[Site "London"]
[Date "1982.??.??"]
[Round "?"]
[White "Speelman, Jonathan S"]
[Black "Nunn, John DM"]
[Result "1/2-1/2"]
[WhiteElo "2550"]
[BlackElo "2590"]

1.Nf3 g6 2.g3 Bg7 3.d4 Nf6 4.Bg2 O-O 5.O-O d6 6.Re1 Nc6 7.d5 Na5 8.e4 c6
9.Na3 Bd7 10.Rb1 cxd5 11.exd5 Rc8 12.Nd4 Re8 13.h3 a6 14.c3 Rc7 15.Kh2  1/2-1/2

[Event "Phillips&Drew"]
[Site "London"]
[Date "1982.??.??"]
[Round "?"]
[White "Speelman, Jonathan S"]
[Black "Short, Nigel D"]
[Result "1/2-1/2"]
[WhiteElo "2550"]
[BlackElo "2430"]

1.d4 Nf6 2.Nf3 e6 3.g3 b6 4.Bg2 Bb7 5.O-O c5 6.c3 Be7 7.Bg5 O-O 8.Nbd2 d5
9.a3 Nbd7 10.Re1 h6 11.Bxf6 Nxf6 12.Rc1 Rc8 13.e3 Re8 14.Ne5 Bd6  1/2-1/2

[Event "Phillips&Drew"]
[Site "London"]
[Date "1982.??.??"]
[Round "?"]
[White "Timman, Jan H"]
[Black "Speelman, Jonathan S"]
[Result "0-1"]
[WhiteElo "2605"]
[BlackElo "2550"]

1.d4 Nf6 2.c4 e6 3.Nf3 Bb4+ 4.Bd2 Qe7 5.g3 Nc6 6.Qc2 Bxd2+ 7.Nbxd2 d6 8.Bg2 O-O
9.O-O a5 10.e4 e5 11.d5 Nb8 12.Qc3 Nbd7 13.Nh4 Nc5 14.Rae1 Bd7 15.b3 c6 16.f4 Rfe8
17.dxc6 bxc6 18.Kh1 exf4 19.Rxf4 Qe5 20.Qc2 Qd4 21.Nf1 a4 22.b4 Qd3 23.Qc1 Ncxe4
24.Re3 Qd4 25.a3 Re7 26.Nf3 Qa7 27.Ng5 d5 28.Nxe4 dxe4 29.Qc3 Ng4 30.Re2 f5
31.Nd2 Qc7 32.Bh3 Nh6 33.c5 Be6 34.Nc4 Bxc4 35.Qxc4+ Kh8 36.Bxf5 Rf8 37.Ref2 g5
38.Rxe4 Rxf5 39.Qd4+ Kg8 40.Qc4+ Rff7 41.Rfe2 Rxe4 42.Rxe4 Qd7 43.Rd4 Qe7
44.Re4 Qf6 45.g4 Qf3+ 46.Kg1 Qf2+ 47.Kh1 Kf8 48.Qd3 Rd7 49.Qe2 Qxe2 50.Rxe2 Ng8
51.Re5 Ne7 52.Kg2 Rd3  0-1

[Event "Luzern ol (Men)"]
[Site "Luzern"]
[Date "1982.??.??"]
[Round "2"]
[White "Speelman, Jonathan S"]
[Black "Li Zunian"]
[Result "1-0"]
[WhiteElo "2575"]
[BlackElo "2410"]

1.Nf3 Nf6 2.d4 e6 3.g3 d5 4.Bg2 c5 5.c4 dxc4 6.Qa4+ Nbd7 7.Qxc4 a6 8.Qc2 cxd4
9.Nxd4 Bc5 10.Nb3 Bd6 11.Nc3 O-O 12.O-O Rb8 13.Rd1 Qe7 14.Be3 h6 15.Rac1 Rd8
16.a3 e5 17.Na4 b5 18.Na5 Re8 19.Nc6 Qe6 20.Nxb8 Bxb8 21.Nc5 Nxc5 22.Qxc5 Ng4
23.Bc6 Rf8 24.Qxf8+ Kxf8 25.Rd8+ Ke7 26.Re8+ Kd6 27.Rxe6+ Bxe6 28.Bb6 Bc4
29.Bb7 f5 30.b3  1-0

[Event "Luzern ol (Men)"]
[Site "Luzern"]
[Date "1982.??.??"]
[Round "3"]
[White "Speelman, Jonathan S"]
[Black "Schneider, Lars Ake"]
[Result "1/2-1/2"]
[WhiteElo "2575"]
[BlackElo "2455"]

1.d4 Nf6 2.Nf3 e6 3.g3 d5 4.Bg2 c5 5.O-O Nbd7 6.c4 dxc4 7.Na3 Nb6 8.Bg5 h6
9.Bxf6 Qxf6 10.Rc1 cxd4 11.Nxc4 Nxc4 12.Rxc4 e5 13.Nxd4 exd4 14.Bxb7 Bxb7
15.Qa4+ Kd8 16.Rxd4+ Bd6 17.Rfd1 Ke7 18.Rxd6 Qxd6 19.Rxd6 Kxd6 20.Qd4+ Ke6
21.Qe3+  1/2-1/2

[Event "Luzern ol (Men)"]
[Site "Luzern"]
[Date "1982.??.??"]
[Round "4"]
[White "Speelman, Jonathan S"]
[Black "Wirthensohn, Heinz"]
[Result "0-1"]
[WhiteElo "2575"]
[BlackElo "2435"]

1.Nf3 Nf6 2.c4 e6 3.Nc3 d5 4.d4 Bb4 5.g3 dxc4 6.Bg2 Nc6 7.O-O O-O 8.e3 Rb8
9.Qe2 b5 10.Rd1 Nd5 11.Bd2 Nxc3 12.bxc3 Ba3 13.Ne1 Qe8 14.Nc2 Bd6 15.a4 a6
16.axb5 axb5 17.Rdb1 e5 18.e4 f6 19.Rxb5 Rxb5 20.Qxc4+ Kh8 21.Qxb5 Bd7 22.Qc4 Ne7
23.Ne3 Nc8 24.Ra8 Qe7 25.Qa6 Nb6 26.Rxf8+ Qxf8 27.h4 h6 28.Bf1 Qe8 29.Bd3 Qg8
30.Bb1 Be6 31.Bd3 Bd7 32.dxe5 fxe5 33.Nf5 Bxf5 34.exf5 Nd7 35.Bc4 Qf8 36.Qc6 Qxf5
37.Be3 Kh7 38.Qd5 Nf6 39.Qd2 Qb1+ 40.Kg2 Qe4+  0-1

[Event "Luzern ol (Men)"]
[Site "Luzern"]
[Date "1982.??.??"]
[Round "5"]
[White "Gutman, Lev"]
[Black "Speelman, Jonathan S"]
[Result "0-1"]
[WhiteElo "2475"]
[BlackElo "2575"]

1.Nf3 Nf6 2.d4 e6 3.g3 b5 4.Bg2 Bb7 5.O-O c5 6.c3 Na6 7.Bf4 Be7 8.Na3 cxd4
9.cxd4 Qb6 10.Qd3 Bc6 11.Ne5 Nb4 12.Qb3 Bxg2 13.Kxg2 O-O 14.Rfd1 a5 15.Bg5 h6
16.Bxf6 Bxf6 17.Qf3 Rad8 18.e3 d6 19.Nd3 Nxd3 20.Rxd3 Rc8 21.Rd2 d5 22.Nc2 Be7
23.e4 Bg5 24.Re2 dxe4 25.Qxe4 Rfd8 26.Rd1 Qc6 27.Qxc6 Rxc6 28.f4 Bf6 29.Kf3 Rc4
30.Red2 h5 31.Ke4 a4 32.a3 g6 33.Ne3 Rc7 34.d5 Rcd7 35.Rc2 Kg7 36.Rdd2 Be7
37.Rc6 exd5+ 38.Rxd5 Bf6 39.Rxb5 Re8+ 40.Re5 Bxe5 41.fxe5 Rd2 42.h4 Rxb2
43.Rc7 Re2 44.Kf3 Re1 45.Nc4 Rd8 46.Kf2 Re4 47.Kf3 Rdd4 48.Nd6 Rxe5 49.Nxf7 Red5
50.Ng5+ Rd7 51.Rc6 Rd3+ 52.Kg2 Rxa3 53.Ne6+ Kg8  0-1

[Event "Luzern ol (Men)"]
[Site "Luzern"]
[Date "1982.??.??"]
[Round "7"]
[White "Hebert, Jean"]
[Black "Speelman, Jonathan S"]
[Result "1/2-1/2"]
[WhiteElo "2425"]
[BlackElo "2575"]

1.Nf3 Nf6 2.g3 d5 3.Bg2 Bf5 4.O-O e6 5.d3 h6 6.Nbd2 Be7 7.b3 O-O 8.Bb2 Bh7
9.e3 c5 10.Qe2 Nc6 11.e4 c4 12.Ne1 cxd3 13.Nxd3 dxe4 14.Nxe4 Nd4 15.Bxd4 Qxd4
16.c3 Qb6 17.Rfd1 Rad8 18.Rac1 Nxe4 19.Bxe4 Bxe4 20.Qxe4 Bg5 21.Rc2 Rd7 22.h4 Bf6
23.Nb2 Rxd1+ 24.Nxd1 Rd8 25.Ne3 Qb5 26.Kg2 h5 27.c4 Qb4 28.Qf3 Bd4 29.Qxh5 Bxe3
30.fxe3 Rd2+ 31.Rxd2 Qxd2+ 32.Kh3 Qxe3 33.Qd1 e5 34.Qd7 g6 35.Qxb7 e4 36.Qb8+ Kg7
37.Qe5+ Kg8 38.Qe8+  1/2-1/2

[Event "Luzern ol (Men)"]
[Site "Luzern"]
[Date "1982.??.??"]
[Round "8"]
[White "Speelman, Jonathan S"]
[Black "Haik, Aldo"]
[Result "1-0"]
[WhiteElo "2575"]
[BlackElo "2415"]

1.Nf3 Nf6 2.d4 g6 3.Bf4 Bg7 4.e3 O-O 5.h3 b6 6.Be2 Bb7 7.O-O d6 8.Bh2 Nbd7
9.c4 e6 10.Nc3 Ne4 11.Nxe4 Bxe4 12.Nd2 Bb7 13.Bf3 Bxf3 14.Nxf3 Qe7 15.Qa4 a5
16.Rac1 e5 17.Qc6 Ra7 18.Rfd1 a4 19.b4 axb3 20.axb3 exd4 21.Nxd4 Nb8 22.Qf3 Ra3
23.Nb5 Rxb3 24.Qb7 Bb2 25.Bxd6 Qe8 26.Bxf8 Bxc1 27.Bh6 Rb1 28.Nxc7  1-0

[Event "Luzern ol (Men)"]
[Site "Luzern"]
[Date "1982.??.??"]
[Round "9"]
[White "Speelman, Jonathan S"]
[Black "Polugaevsky, Lev"]
[Result "1/2-1/2"]
[WhiteElo "2575"]
[BlackElo "2610"]

1.Nf3 Nf6 2.c4 e6 3.Nc3 c5 4.g3 b6 5.Bg2 Bb7 6.O-O Be7 7.Re1 d5 8.cxd5 exd5
9.d4 O-O 10.Bg5 Nbd7 11.Rc1 h6 12.Bxf6 Nxf6 13.Ne5 cxd4 14.Qxd4 Bc5 15.Qa4 Qe7
16.Nd3 d4 17.Bxb7 Qxb7 18.Nb1 Ne4 19.Rc2 Rfe8 20.Nd2 Ng5 21.h4 Ne6 22.Rec1 Bf8
23.Qc6 Qa6 24.a3 Qa5 25.Qf3 Qb5 26.Nc4 f6 27.Nd2 Rad8 28.Rc4 Qd7 29.R1c2 Kh8
30.Qf5 Qb7 31.Nf3 Rd5 32.Qg4 Qd7 33.Nfe1 Kg8 34.Ng2 Bd6 35.Qf3 Bf8 36.Ngf4 Nxf4
37.Nxf4 Rc5 38.Nd3 Rxc4 39.Rxc4 Qe6 40.Rc2 Qb3 41.Qc6 Re6 42.Qc8 g5 43.hxg5 hxg5
44.Rd2 Rd6 45.Ne1 a5 46.Nf3 d3 47.Ne1 Qe6 48.Qxe6+ Rxe6 49.Nxd3 Rc6 50.Kg2 Kf7
51.g4 Rc4 52.Kf3 Ke6 53.e3 Bd6 54.Rd1 a4 55.Rh1 Rc2 56.Rc1 Rxc1 57.Nxc1 Kd5
58.Ke2 Kc4 59.Kd2 b5 60.Kc2 Kd5 61.f3 Kc4 62.Nd3 Bc7 63.Nf2 Bb6 64.Ne4 Bxe3
65.Nxf6 Bf4 66.Ne4 Kd4 67.Nc3 Kc4 68.Ne4 Kd4 69.Nc3  1/2-1/2

[Event "Luzern ol (Men)"]
[Site "Luzern"]
[Date "1982.??.??"]
[Round "13"]
[White "Gligoric, Svetozar"]
[Black "Speelman, Jonathan S"]
[Result "1-0"]
[WhiteElo "2530"]
[BlackElo "2575"]

1.d4 Nf6 2.c4 e6 3.Nc3 Bb4 4.e3 b6 5.Ne2 Ba6 6.Ng3 Bxc3+ 7.bxc3 d5 8.Ba3 Bxc4
9.Bxc4 dxc4 10.Qa4+ Qd7 11.Qxc4 h5 12.h4 Nc6 13.e4 O-O-O 14.Qe2 Kb8 15.Bc1 Ng4
16.f3 Nxd4 17.cxd4 Qxd4 18.Rb1 Ne5 19.Be3 Nd3+ 20.Kf1 Qe5 21.Rh3 Rd7 22.Kg1 Rhd8
23.Nf1 Nf4 24.Bxf4 Qxf4 25.g3 Qe5 26.Rh2 Rd3 27.Rf2 g6 28.Kg2 Kb7 29.Qb2 R8d4
30.Rd2 Qa5 31.Rxd3 Rxd3 32.Qe2 Rc3 33.Rb3 Rc1 34.Rb2 Qc3 35.Rd2 a5 36.Ne3 Qa3
37.Nd1 Qc5 38.e5 Ka7 39.Nf2 a4  1-0

[Event "Luzern ol (Men)"]
[Site "Luzern"]
[Date "1982.??.??"]
[Round "14"]
[White "Speelman, Jonathan S"]
[Black "Sax, Gyula"]
[Result "1/2-1/2"]
[WhiteElo "2575"]
[BlackElo "2560"]

1.d4 Nf6 2.Nf3 g6 3.Bf4 Bg7 4.e3 O-O 5.h3 d6 6.Be2 Nbd7 7.O-O Qe8 8.Bh2 e5
9.c4 Ne4 10.Nbd2 Nxd2 11.Qxd2 e4 12.Ne1 f5 13.Nc2 g5 14.Qa5 Qd8 15.f4 exf3
16.Rxf3 Nf6 17.Bd3 b6 18.Qe1 Qe8 19.Qe2 Ne4 20.Re1 Bd7 21.Nb4 Be6 22.Nd5  1/2-1/2

[Event "Sochi"]
[Site "Sochi"]
[Date "1982.??.??"]
[Round "3"]
[White "Geller, Efim P"]
[Black "Speelman, Jonathan S"]
[Result "1/2-1/2"]
[WhiteElo "2565"]
[BlackElo "2575"]

1.e4 c6 2.d4 d5 3.Nd2 dxe4 4.Nxe4 Nd7 5.Bc4 Ngf6 6.Ng5 e6 7.Qe2 Nb6 8.Bd3 h6
9.N5f3 c5 10.dxc5 Nbd7 11.b4 Nd5 12.Bd2 g5 13.c4 Nf4 14.Bxf4 gxf4 15.Rd1 a5
16.a3 Qf6 17.Nh3 Qc3+ 18.Kf1 axb4 19.axb4 Qxb4 20.Nxf4 Bg7 21.g3 Qxc5  1/2-1/2

[Event "Sochi"]
[Site "Sochi"]
[Date "1982.??.??"]
[Round "4"]
[White "Speelman, Jonathan S"]
[Black "Averkin, Orest N"]
[Result "1/2-1/2"]
[WhiteElo "2575"]
[BlackElo "2450"]

1.Nf3 Nf6 2.d4 e6 3.g3 b5 4.Bg2 Bb7 5.Bg5 c5 6.c3 cxd4 7.cxd4 Be7 8.O-O O-O
9.Qd3 a6 10.Nbd2 Nc6 11.a3 h6 12.Bxf6 Bxf6 13.Ne4 Na5 14.Nxf6+ Qxf6 15.Ne5 Bxg2
16.Kxg2 Qe7 17.Rfc1 Rfc8 18.Rxc8+ Rxc8 19.a4 Nc4 20.axb5 axb5 21.Rc1 d6 22.Nxc4 d5
23.b3 Qb4 24.Qc3 Qe7 25.Qd3 Qb4  1/2-1/2

[Event "Sochi"]
[Site "Sochi"]
[Date "1982.??.??"]
[Round "6"]
[White "Speelman, Jonathan S"]
[Black "Romanishin, Oleg M"]
[Result "1/2-1/2"]
[WhiteElo "2575"]
[BlackElo "2585"]

1.Nf3 Nf6 2.d4 g6 3.Bf4 Bg7 4.e3 d6 5.h3 O-O 6.Be2 Nbd7 7.O-O b6 8.c4 Bb7
9.Nc3 Ne4 10.Nxe4 Bxe4 11.Nd2 Bb7 12.Bf3 Qc8 13.Rb1 e5 14.dxe5 dxe5 15.Bg3 Re8
16.Ne4 f5 17.Nc3 Bxf3 18.Qxf3 e4 19.Qd1 c6 20.Ne2 Nc5 21.Qc2 Qa6 22.b3 Rad8
23.Rbd1 Nd3 24.Nc1 Nb4 25.Qe2 c5 26.Bh4 Rxd1  1/2-1/2

[Event "Sochi"]
[Site "Sochi"]
[Date "1982.??.??"]
[Round "10"]
[White "Speelman, Jonathan S"]
[Black "Hazai, Laszlo"]
[Result "1/2-1/2"]
[WhiteElo "2575"]
[BlackElo "2450"]

1.g3 g6 2.Bg2 Bg7 3.d4 d6 4.e4 Nf6 5.Ne2 O-O 6.Nbc3 e5 7.h3 Nc6 8.Be3 exd4
9.Nxd4 Nxd4 10.Bxd4 Re8 11.O-O Bd7 12.Qd2 Bc6 13.Rae1 Nd7 14.Bxg7 Kxg7 15.f4 a5
16.Rd1 f6 17.g4 Nc5 18.Qd4 Ne6 19.Qf2 Qe7 20.Rde1 Nc5 21.b3 Rf8 22.a3 Qd7
23.Qd2 Rae8 24.b4 axb4 25.axb4 Ne6 26.g5 fxg5 27.fxg5 Rxf1+ 28.Rxf1 Rf8 29.Rxf8 Kxf8
30.b5 Bxb5 31.Qf2+ Kg8 32.Nd5 Qf7 33.Nf6+ Kg7 34.h4 h6 35.Qe3 hxg5 36.hxg5  1/2-1/2

[Event "Sochi"]
[Site "Sochi"]
[Date "1982.??.??"]
[Round "12"]
[White "Ftacnik, Lubomir"]
[Black "Speelman, Jonathan S"]
[Result "1/2-1/2"]
[WhiteElo "2535"]
[BlackElo "2575"]

1.Nf3 Nf6 2.c4 e6 3.g3 d5 4.b3 Be7 5.Bg2 O-O 6.O-O b6 7.Bb2 Bb7 8.d4 Na6
9.Nc3 c5 10.cxd5 exd5 11.Ne5 Rc8 12.Rc1  1/2-1/2

[Event "Sochi"]
[Site "Sochi"]
[Date "1982.??.??"]
[Round "13"]
[White "Speelman, Jonathan S"]
[Black "Pigusov, Evgeny"]
[Result "1-0"]
[WhiteElo "2575"]
[BlackElo "2430"]

1.Nf3 Nf6 2.c4 c5 3.Nc3 g6 4.d4 cxd4 5.Nxd4 Nc6 6.Nc2 Bg7 7.e4 O-O 8.Be2 d6
9.O-O Nd7 10.Bd2 Nc5 11.b4 Ne6 12.Rc1 a5 13.a3 axb4 14.axb4 Ned4 15.Nxd4 Nxd4
16.Be3 Nxe2+ 17.Qxe2 Be6 18.Rfd1 Bxc3 19.Rxc3 Qb8 20.Bf4 Rc8 21.Rcc1 b6 22.e5 dxe5
23.Bxe5 Qb7 24.Re1 h5 25.Bd4 Kh7 26.h3 Rc7 27.Qe5 Rg8 28.Qf4 g5 29.Qe3 Rg6
30.Qe5 Rc8 31.c5 bxc5 32.Rxc5 Rd8 33.Bc3 h4 34.Qe3 Rd5 35.Qf3 Qd7 36.Rxe6 fxe6
37.Qh5+  1-0

[Event "Sochi"]
[Site "Sochi"]
[Date "1982.??.??"]
[Round "14"]
[White "Tal, Mihail"]
[Black "Speelman, Jonathan S"]
[Result "1/2-1/2"]
[WhiteElo "2610"]
[BlackElo "2575"]

1.Nf3 Nf6 2.c4 e6 3.Nc3 d5 4.d4 Be7 5.Bg5 h6 6.Bh4 O-O 7.e3 b6 8.Be2 Bb7
9.Rc1 dxc4 10.Bxc4 Nbd7 11.O-O c5 12.Qe2 a6  1/2-1/2